000
00304nam a22001217a 4500
008
170126b xxu||||| |||| 00| 0 eng d
020
_a
0721660304
041
_a
eng
080
_2
19TH
_a
61
101
_a
MM
245
_a
CLINICAL DIAGNOSIS ANDMANAGEMENT BY LABORATORY METHODS
_c
HENRY, J.B
942
_2
udc
_c
BK
999
_c
3784
_d
3784